000 00447nam a2200169Ia 4500
005 20250508155338.0
008 008 250505s9999 xx 000 0 eng d
037 _aTextual
040 _aFEDL
_beng
_cFEDL
041 _aeng
_2eng
084 _a539.76, BHA
_qFEDL
100 _aBhatha Alamic
_9766885
245 0 _aUtilisation of a research reactor
300 _a82p.
942 _cTEXL
_h539.76, BHA
999 _c1356215
_d1356215